Statistics for currencies

Click here to take the quiz!

General Stats

  • This quiz has been taken 16 times
  • The average score is 20 of 75

Answer Stats

Countries that uses itCurrencies% Correct
Argentina, Chile, Cuba, Dominican Republic,
Mexico, Philippines, Uruguay
Peso
88%
*European Union (most of it), Andorra, Kosovo,
Monaco, San Marino, Vatican
Euro
81%
Egypt, Lebanon, South Sudan, Sudan, Syria,
UK
Pound
81%
*Anguilla, USA,
Canada, Australia, A.B.,
Bahamas, Barbados,
Belize, *Bermuda, *Bonaire,
*British Indian Ocean Territory,
*British V.I., Brunei, Singapore,
Cambodia, *Cayman Islands, *Cook Islands,
New Zealand, Dominica, Timor Leste, Ecuador,
El Salvador, Fiji, Grenada, Guyana, *Hong Kong,
Jamaica, Kiribati, Liberia, *Macau, Marshall Islands,
Micronesia, *Montserrat, Namibia, Nauru, Palau,
Panama, *Pitcairn Islands, *Saba, St. Kitts and Nevis,
St. Lucia, St. Vincent and the Grenadines, Solomon
Islands, Suriname, *Taiwan, Trinidad and Tobago,
*Turks and Caicos Islands, Tuvalu, Zimbabwe
Dollar
75%
JapanYen
75%
Denmark, Iceland, Norway, SwedenKrone
69%
*Abkhazia, Belarus, Russia, *South OssetiaRuble
69%
Bhutan, India, Indonesia, Mauritius,
Nepal, Pakistan, Seychelles, Sri Lanka
Rupee
69%
Algeria, Tunisia, Bahrain, Iraq, Jordan,
Kuwait, Libya, North Macedonia, Palestine,
Serbia
Dinar
63%
Benin, Burkina Faso,
Burundi, Cameroon, CAR,
Chad, Comoros, DRC, R. of the Congo,
Cote Dviore, Djibouti, Eq. Guinea, *French Polynesia,
Gabon, Guinea, Guinea Bissau, Lichtenstein, Mali,
*New Caledonia, Niger, Rwanda, Senegal, Switzerland,
Togo
Franc
63%
VietnamDong
56%
TurkeyLira
50%
PolandZloty
50%
AlbaniaLek
44%
North Korea, South KoreaWon
44%
AfghanistanAfghani
38%
BulgariaLev
38%
Kenya, Somalia, TanzaniaShilling
38%
ThailandBaht
31%
Morocco, UAE,Dirham
31%
HungaryForint
31%
Moldova, RomaniaLeu
31%
GuatemalaQuetzal
31%
MalaysiaRinggit
31%
Brazil, Cambodia, Iran, Oman, Qatar, Saudi Arabia,
]Yemen
Riyal
31%
PeruSol
31%
EthiopiaBirr
25%
Armenia, *ArtsakhDram
25%
LaosKip
25%
CzechiaKoruna
25%
AngolaKwanza
25%
MyanmarKyat
25%
GeorgiaLari
25%
Azerbaijan, TurkmenistanManat
25%
BhutanNgultrum
25%
South Africa, Eswatini, Lesotho, NamibiaRand
25%
MaldivesRufiyaa
25%
Kyrgyzstan, UzbekistanSom
25%
TajikistanSomoni
25%
SamoaTala
25%
KazakhstanTenge
25%
MongoliaTogrog
25%
CAR, El SalvadorBitcoin
19%
Bosnia and HerzegovinaConvertible Mark
19%
UkraineHryvnia
19%
*Isle of Man, *Jersey, *GuernseySterling
19%
Bolivia, VenezuelaBoliviano
13%
Cabo VerdeEscudo
13%
Israel, PalestineNew Shekel
13%
*Western SaharaPeseta
13%
MadagascarAriary
6%
PanamaBalboa
6%
GhanaCedi
6%
NicaraguaCordoba
6%
GambiaDalasi
6%
Sao Tome and PrincipeDobra
6%
HaitiGourde
6%
ParaguayGuarani
6%
Papua New GuineaKina
6%
Malawi, ZambiaKwacha
6%
HondurasLempira
6%
Sierra LeoneLeone
6%
LesothoLoti
6%
MozambiqueMetical
6%
NigeriaNaira
6%
MauritaniaOuguiya
6%
TongaPaanga
6%
*MacauPataca
6%
BotswanaPula
6%
BangladeshTaka
6%
VanuatuVatu
6%
*AbkhaziaAspar
0%
*ArubaFlorin
0%
EritreaNafka
0%
ChinaRenmimbi
0%

Score Distribution

Percentile by Number Answered

Percent of People with Each Score

Your Score History

You have not taken this quiz